000 00845nam a22002537a 4500
001 001100
003 DO-SdBNP
005 20231031105030.0
007 001100
008 160809b 2009 cl 00| 0 spa d
020 _a9789587048704
040 _aBPMSU
_bspa
_cBPMSU
082 4 _a869.4
_bS243c 2009
_222
100 1 _aSaramago, José
_d1922-2010
_946
245 1 3 _aEl cuaderno :
_btextos escritos para el blog. septiembre de 2008 - Marzo de 2009 /
_cJosé Saramago ; traducción Pilar del Río
260 _aBogotá, Colombia :
_bSantillana Ediciones Generales,
_c2009.
300 _a229 p. ;
_c21 cm.
590 _aInventariado, 25023/VM
600 1 4 _aSaramago, José,
_d1922-2010
_xBlogs.
_3
650 4 _aEnsayos portugueses
700 1 _aRío, Pilar del
_etr.
910 _aBTAVÁREZ/ VMateo V. Control de calidad. BPMSU
942 _2ddc
_cBK
999 _c11137
_d11137